NCAA Women's Basketball Final Four Teams - Statistics

General Stats
  • This quiz has been taken 133 times
    43 since last reset
  • The average score is 135 of 176
Answer Stats
Answer % Correct
South Carolina
100%
UCLA
100%
UConn
100%
Texas
96%
USC
96%
Iowa
93%
LSU
93%
Tennessee
89%
Notre Dame
85%
Stanford
85%
Baylor
81%
Duke
78%
Texas Tech
78%
Georgia
74%
Ohio State
74%
Texas A&M
74%
Washington
74%
Maryland
70%
Alabama
67%
Louisville
67%
Michigan State
67%
Oklahoma
67%
Virginia
67%
Arizona
63%
Minnesota
63%
NC State
63%
North Carolina
63%
Oregon
63%
Purdue
63%
Auburn
59%
Mississippi State
59%
Rutgers
56%
Syracuse
56%
Virginia Tech
56%
Louisiana Tech
52%
Oregon State
48%
Penn State
44%
Vanderbilt
44%
Old Dominion
37%
Arkansas
33%
Missouri State
33%
California
30%
Western Kentucky
22%
Cheyney State
15%
Long Beach State
15%
Louisiana Monroe
11%
No matching quizzes found
Score Distribution
Percent of People with Each Score
Percentile by Number Answered
Your Score History
You have not taken this quiz since the last reset